<?xml version="1.0" encoding="UTF-8"?>
<record
    xmlns:xsi="http://www.w3.org/2001/XMLSchema-instance"
    xsi:schemaLocation="http://www.loc.gov/MARC21/slim http://www.loc.gov/standards/marcxml/schema/MARC21slim.xsd"
    xmlns="http://www.loc.gov/MARC21/slim">

  <leader>01520nam a22003134a 4500</leader>
  <controlfield tag="001">522</controlfield>
  <controlfield tag="003">BR-RjBN</controlfield>
  <controlfield tag="005">20260522152455.0</controlfield>
  <controlfield tag="008">240403s2024    sp            000 f por d</controlfield>
  <datafield tag="020" ind1=" " ind2=" ">
    <subfield code="a">9788525061003</subfield>
  </datafield>
  <datafield tag="040" ind1=" " ind2=" ">
    <subfield code="b">por</subfield>
    <subfield code="a">BR-IBIA</subfield>
    <subfield code="c">BR-IBIA</subfield>
    <subfield code="e">rda</subfield>
  </datafield>
  <datafield tag="041" ind1="1" ind2=" ">
    <subfield code="a">por</subfield>
    <subfield code="h">eng</subfield>
  </datafield>
  <datafield tag="082" ind1=" " ind2=" ">
    <subfield code="a">823</subfield>
    <subfield code="b">B873m</subfield>
  </datafield>
  <datafield tag="100" ind1="1" ind2=" ">
    <subfield code="a">Brooks, Geraldine.</subfield>
  </datafield>
  <datafield tag="240" ind1="1" ind2="0">
    <subfield code="a">People of the Book.</subfield>
  </datafield>
  <datafield tag="245" ind1="1" ind2="3">
    <subfield code="a">As mem&#xF3;rias do livro /</subfield>
    <subfield code="c">Geraldine Brooks.</subfield>
  </datafield>
  <datafield tag="260" ind1=" " ind2=" ">
    <subfield code="a">S&#xE3;o Paulo :</subfield>
    <subfield code="b">Globo Livros,</subfield>
    <subfield code="c">2024.</subfield>
  </datafield>
  <datafield tag="300" ind1=" " ind2=" ">
    <subfield code="a">376 p. ;</subfield>
    <subfield code="c">23 cm.</subfield>
  </datafield>
  <datafield tag="500" ind1=" " ind2=" ">
    <subfield code="a">Inspirado em fatos reais.</subfield>
  </datafield>
  <datafield tag="520" ind1=" " ind2=" ">
    <subfield code="a">A especialista australiana em livros raros Hanna Heath &#xE9; convocada para restaurar e investigar a famosa Hagad&#xE1; de Sarajevo, manuscrito judaico resgatado durante a guerra da B&#xF3;snia. Ao encontrar pequenos vest&#xED;gios escondidos entre as p&#xE1;ginas &#x2014; como manchas de vinho, cristais de sal e um fio de cabelo &#x2014;, Hanna come&#xE7;a a reconstruir a trajet&#xF3;ria do livro ao longo dos s&#xE9;culos, revelando hist&#xF3;rias de ex&#xED;lio, coragem, persegui&#xE7;&#xE3;o e sobreviv&#xEA;ncia. Paralelamente &#xE0; investiga&#xE7;&#xE3;o hist&#xF3;rica, a protagonista enfrenta quest&#xF5;es pessoais e revisita os fantasmas de seu passado. Inspirado em uma hist&#xF3;ria real, o romance combina narrativa hist&#xF3;rica, mist&#xE9;rio e drama contempor&#xE2;neo.</subfield>
  </datafield>
  <datafield tag="650" ind1=" " ind2="0">
    <subfield code="a">Literatura australiana.</subfield>
    <subfield code="9">219</subfield>
  </datafield>
  <datafield tag="650" ind1=" " ind2="0">
    <subfield code="a">Romance hist&#xF3;rico.</subfield>
  </datafield>
  <datafield tag="650" ind1=" " ind2="0">
    <subfield code="a">Livros raros.</subfield>
  </datafield>
  <datafield tag="650" ind1=" " ind2="0">
    <subfield code="a">Guerra da B&#xF3;snia.</subfield>
  </datafield>
  <datafield tag="650" ind1=" " ind2="0">
    <subfield code="a">Juda&#xED;smo.</subfield>
  </datafield>
  <datafield tag="655" ind1=" " ind2="0">
    <subfield code="a">Romance.</subfield>
    <subfield code="9">23</subfield>
  </datafield>
  <datafield tag="655" ind1=" " ind2="0">
    <subfield code="a">Fic&#xE7;&#xE3;o.</subfield>
    <subfield code="9">22</subfield>
  </datafield>
  <datafield tag="942" ind1=" " ind2=" ">
    <subfield code="2">ddc</subfield>
    <subfield code="n">0</subfield>
    <subfield code="c">BK</subfield>
  </datafield>
  <datafield tag="952" ind1=" " ind2=" ">
    <subfield code="0">0</subfield>
    <subfield code="1">0</subfield>
    <subfield code="2">ddc</subfield>
    <subfield code="4">0</subfield>
    <subfield code="7">0</subfield>
    <subfield code="8">FIC</subfield>
    <subfield code="a">BIBIB</subfield>
    <subfield code="b">BIBIB</subfield>
    <subfield code="c">LE</subfield>
    <subfield code="d">2026-05-22</subfield>
    <subfield code="l">0</subfield>
    <subfield code="o">823 / B873m</subfield>
    <subfield code="p">2026-17458</subfield>
    <subfield code="r">2026-05-22 15:24:16</subfield>
    <subfield code="w">2026-05-22</subfield>
    <subfield code="y">BK</subfield>
  </datafield>
  <datafield tag="999" ind1=" " ind2=" ">
    <subfield code="c">522</subfield>
    <subfield code="d">522</subfield>
  </datafield>
</record>
